| 000 | 00662nam a2200205Ia 4500 | ||
|---|---|---|---|
| 008 | 130821s1997 ch gr eng | ||
| 020 | _a0333668308 | ||
| 040 |
_aCo-BoUCM _bspa |
||
| 041 | 0 | 0 | _aeng |
| 100 | 1 |
_aBrown, Chris _9157462 |
|
| 245 | 1 | 0 |
_aUnderstanding international relations _cChris Brown |
| 260 |
_aHong Kong (China) _b[Editorial desconocida] _c1997 |
||
| 300 | _a272 páginas | ||
| 504 | _aIncluye bibliografias e índices | ||
| 650 | 0 | 4 |
_aCiencia política _9340 |
| 650 | 0 | 4 |
_aPolítica mundial _y1945 _922003 |
| 650 | 0 | 4 |
_aRelaciones internacionales _98042 |
| 942 |
_cLIBRO _a6 _e1 _mB76 _2DEWEY _h327.1 |
||
| 999 |
_c26734 _d26734 |
||